[Event "Vienna Ottakring 100 Years"]
[Site "Vienna"]
[Date "2023.09.03"]
[Round "9"]
[White "Balinov, Ilia"]
[Black "Terbe, Zsuzsanna"]
[Result "1-0"]
[WhiteElo "2398"]
[BlackElo "2180"]
[PlyCount "65"]
[EventDate "2023.08.26"]
[EventType "swiss"]
[EventRounds "9"]
[EventCountry "AUT"]
[SourceTitle "EXT 2024"]
[Source "ChessBase"]
[SourceDate "2023.10.10"]
[SourceVersion "1"]
[SourceVersionDate "2023.10.10"]
[SourceQuality "1"]

1. c4 c6 2. Nf3 d5 3. d4 Nf6 4. g3 Bf5 5. Nc3 e6 6. Nh4 dxc4 7. Nxf5 exf5 8. e3 Bd6 9. Bxc4 0-0 10. Qc2 g6 11. 0-0 Qe7 12. Rd1 Nbd7 13. Bd2 Rac8 14. Be1 Rfe8 15. Bf1 Ne4 16. a3 Ndf6 17. Qb3 h5 18. Rac1 h4 19. Ne2 Kg7 20. Bg2 Ng5 21. gxh4 Ngh7 22. Bb4 Bxh2+ 23. Kxh2 Ng4+ 24. Kg3 Qc7+ 25. Nf4 Nhf6 26. Bf3 Nh5+ 27. Kg2 Nxf4+ 28. exf4 Qxf4 29. Bxg4 Qxg4+ 30. Qg3 Qe2 31. Rd2 Qh5 32. Qg5 Qh7 33. Be7 1-0

[Event "Vienna Ottakring 100 Years"]
[Site "Vienna"]
[Date "2023.08.28"]
[Round "3"]
[White "Balinov, Ilia"]
[Black "Granabetter, Josef"]
[Result "1/2-1/2"]
[WhiteElo "2398"]
[BlackElo "1838"]
[PlyCount "125"]
[EventDate "2023.08.26"]
[EventType "swiss"]
[EventRounds "9"]
[EventCountry "AUT"]
[SourceTitle "EXT 2024"]
[Source "ChessBase"]
[SourceDate "2023.10.10"]
[SourceVersion "1"]
[SourceVersionDate "2023.10.10"]
[SourceQuality "1"]

1. e4 c5 2. Nf3 e6 3. c3 Nf6 4. e5 Nd5 5. d4 cxd4 6. cxd4 Nc6 7. a3 d6 8. Bd3 Be7 9. 0-0 dxe5 10. dxe5 Bd7 11. Be4 Nb6 12. Nc3 a6 13. Re1 h6 14. Qe2 Qc7 15. Be3 Rd8 16. Rac1 Nc8 17. Na4 Qb8 18. Nc5 Bxc5 19. Bxc5 N6e7 20. Red1 0-0 21. Rd2 Bb5 22. Qd1 Rxd2 23. Qxd2 Re8 24. Nd4 Rd8 25. Qe1 Bc6 26. Nxc6 Nxc6 27. f4 N8e7 28. Bd6 Qa7+ 29. Bc5 Qb8 30. Qf2 Nd5 31. Bd6 Qc8 32. f5 Qd7 33. Qg3 Nd4 34. Qd3 Nf4 35. Qe3 Nfe2+ 36. Kf2 Nxc1 37. Qxd4 Qb5 38. fxe6 Qe2+ 39. Kg3 fxe6 40. Bxb7 Nd3 41. h3 Nxb2 42. Qb6 Rd7 43. Bxa6 Qe1+ 44. Kh2 Qd2 45. Qb8+ Kh7 46. Qf8 Nd1 47. Bb5 Ne3 48. Qf3 Rf7 49. Qe4+ g6 50. Bb4 Qf2 51. Bd3 Nf1+ 52. Bxf1 Qxf1 53. Bd2 Qf5 54. Qd4 g5 55. a4 Qf2 56. Be3 Qa2 57. Qe4+ Rf5 58. Bb6 Qd5 59. Qxd5 exd5 60. Bc7 Rf7 61. Bb6 Kg6 62. a5 Kf5 63. a6 1/2-1/2

[Event "AUT-ch"]
[Site "Vienna"]
[Date "2023.07.26"]
[Round "5"]
[White "Schernthaner, David"]
[Black "Balinov, Ilia"]
[Result "1-0"]
[WhiteElo "2296"]
[BlackElo "2398"]
[PlyCount "77"]
[EventDate "2023.07.22"]
[EventType "swiss"]
[EventRounds "9"]
[EventCountry "AUT"]
[SourceTitle "CBM 215 Extra"]
[Source "ChessBase"]
[SourceDate "2023.09.30"]
[SourceVersion "1"]
[SourceVersionDate "2023.09.30"]
[SourceQuality "1"]

1. d4 Nf6 2. c4 g6 3. f3 d6 4. e4 e5 5. Ne2 h5 6. Nbc3 Nbd7 7. Be3 Bh6 8. Bxh6 Rxh6 9. Qd2 Rh8 10. 0-0-0 c6 11. g3 Qe7 12. d5 cxd5 13. cxd5 Nb6 14. Kb1 Bd7 15. Nc1 Kf8 16. Nb3 a5 17. Qe3 Qd8 18. Nd2 Kg7 19. Rc1 Re8 20. h4 Re7 21. Be2 Rc8 22. g4 Re8 23. Rhg1 Rh8 24. g5 Nh7 25. f4 exf4 26. Qd4+ f6 27. gxf6+ Nxf6 28. Nf3 Rf8 29. Bd3 Bg4 30. Ng5 Re8 31. Rcf1 Nbd7 32. Rxf4 Qb6 33. Qxb6 Nxb6 34. Nb5 Nfd7 35. Nxd6 Ne5 36. Nxe8+ Rxe8 37. Bb5 Bd7 38. Bxd7 Nbxd7 39. Rc1 1-0

[Event "AUT-ch"]
[Site "Vienna"]
[Date "2023.07.25"]
[Round "4"]
[White "Balinov, Ilia"]
[Black "Baumegger, Siegfried"]
[Result "0-1"]
[WhiteElo "2398"]
[BlackElo "2415"]
[PlyCount "148"]
[EventDate "2023.07.22"]
[EventType "swiss"]
[EventRounds "9"]
[EventCountry "AUT"]
[SourceTitle "CBM 215 Extra"]
[Source "ChessBase"]
[SourceDate "2023.09.30"]
[SourceVersion "1"]
[SourceVersionDate "2023.09.30"]
[SourceQuality "1"]

1. d4 Nf6 2. g3 d5 3. Nf3 Bf5 4. c4 c6 5. Nc3 e6 6. Nh4 Be4 7. f3 Bg6 8. Qb3 Qc8 9. Bh3 Be7 10. Bg5 Nbd7 11. cxd5 Nxd5 12. Bxe7 Nxe7 13. e4 Qc7 14. Rd1 0-0 15. 0-0 Rad8 16. Qa3 Nb6 17. Qc5 h6 18. Rf2 Bh7 19. Rfd2 Nbc8 20. b4 b6 21. Qc4 Nd6 22. Qb3 b5 23. Bf1 a5 24. Ng2 Qb6 25. Kh1 Rd7 26. Nf4 Rfd8 27. a3 Nb7 28. bxa5 Qxa5 29. Qb4 c5 30. Qxa5 Nxa5 31. Nxb5 Nb3 32. Rb2 Nxd4 33. Kg2 Kf8 34. Bc4 Nec6 35. Kf2 Ke7 36. Rc1 Ne5 37. Nxd4 cxd4 38. Nd3 Nxd3+ 39. Bxd3 Ra8 40. Rb3 e5 41. Bb5 Rb7 42. a4 f6 43. Rc5 Bg8 44. Rd3 Raa7 45. f4 Rc7 46. Rxc7+ Rxc7 47. Ra3 Kd6 48. a5 Kc5 49. Bd3 Bc4 50. Ke2 Kb5 51. fxe5 Bxd3+ 52. Kxd3 fxe5 53. a6 Kb6 54. Kd2 Ra7 55. Rb3+ Kxa6 56. Rb8 Rb7 57. Ra8+ Kb5 58. Re8 Kc4 59. Rc8+ Kb4 60. Re8 Rb5 61. Kd3 Ra5 62. g4 Ra3+ 63. Kd2 Rh3 64. Rxe5 Kc4 65. Ke2 Rxh2+ 66. Kf3 Rh3+ 67. Kf4 Rh1 68. Rd5 Rf1+ 69. Ke5 d3 70. Kd6 Kc3 71. Rc5+ Kd4 72. e5 d2 73. Rd5+ Kc3 74. e6 d1Q 0-1

[Event "AUT-ch"]
[Site "Vienna"]
[Date "2023.07.22"]
[Round "1"]
[White "Strassner, Andreas"]
[Black "Balinov, Ilia"]
[Result "0-1"]
[WhiteElo "2050"]
[BlackElo "2398"]
[PlyCount "62"]
[EventDate "2023.07.22"]
[EventType "swiss"]
[EventRounds "9"]
[EventCountry "AUT"]
[SourceTitle "CBM 215 Extra"]
[Source "ChessBase"]
[SourceDate "2023.09.30"]
[SourceVersion "1"]
[SourceVersionDate "2023.09.30"]
[SourceQuality "1"]

1. Nf3 d5 2. d4 c6 3. g3 Bg4 4. Bg2 Nd7 5. 0-0 e6 6. Nbd2 f5 7. c4 Bd6 8. c5 Bc7 9. b4 Nh6 10. Bb2 0-0 11. a4 Qe8 12. h3 f4 13. Nh2 Bh5 14. g4 Bg6 15. Nhf3 e5 16. dxe5 Nxe5 17. Nxe5 Bxe5 18. Bxe5 Qxe5 19. Nf3 Qe7 20. Rc1 Nf7 21. Re1 h5 22. Qd4 hxg4 23. hxg4 Ng5 24. Nxg5 Qxg5 25. f3 Rae8 26. Rc3 Re7 27. b5 Rfe8 28. bxc6 bxc6 29. Kf1 Re3 30. Qb4 Qe5 31. Rxe3 fxe3 0-1

[Event "AUT-chT2O 2223"]
[Site "Austria"]
[Date "2023.04.23"]
[Round "11.3"]
[White "Hracek, Zbynek"]
[Black "Balinov, Ilia"]
[Result "1/2-1/2"]
[WhiteElo "2542"]
[BlackElo "2410"]
[PlyCount "45"]
[EventDate "2022.10.15"]
[EventType "team-tourn"]
[EventRounds "11"]
[EventCountry "AUT"]
[SourceTitle "EXT 2024"]
[Source "ChessBase"]
[SourceDate "2023.10.10"]
[SourceVersion "1"]
[SourceVersionDate "2023.10.10"]
[SourceQuality "1"]
[WhiteTeam "Mistelbach/Altlichtenwarth"]
[BlackTeam "Kottingbrunn"]
[WhiteTeamCountry "AUT"]
[BlackTeamCountry "AUT"]

1. e4 e5 2. Nf3 Nf6 3. Nxe5 d6 4. Nf3 Nxe4 5. Nc3 Nf6 6. d4 Be7 7. Bd3 Bg4 8. h3 Bh5 9. 0-0 0-0 10. Re1 Nbd7 11. Bf4 Nb6 12. g4 Bg6 13. Bxg6 hxg6 14. Qd3 Qd7 15. d5 Rfe8 16. b3 Bf8 17. Rxe8 Rxe8 18. Rd1 Qc8 19. Kf1 c6 20. dxc6 bxc6 21. Re1 Rxe1+ 22. Nxe1 d5 23. Nf3 1/2-1/2

[Event "AUT-chT2O 2223"]
[Site "Austria"]
[Date "2023.01.21"]
[Round "6.6"]
[White "Wukits, Rene"]
[Black "Balinov, Ilia"]
[Result "1/2-1/2"]
[WhiteElo "2324"]
[BlackElo "2410"]
[PlyCount "90"]
[EventDate "2022.10.15"]
[EventType "team-tourn"]
[EventRounds "11"]
[EventCountry "AUT"]
[SourceTitle "CBM 213 Extra"]
[Source "ChessBase"]
[SourceDate "2023.05.31"]
[SourceVersion "1"]
[SourceVersionDate "2023.05.31"]
[SourceQuality "1"]
[WhiteTeam "Mattersburg"]
[BlackTeam "Kottingbrunn"]
[WhiteTeamCountry "AUT"]
[BlackTeamCountry "AUT"]

1. d4 Nf6 2. c4 e6 3. Nc3 d5 4. Bg5 Nbd7 5. Nf3 h6 6. Bh4 dxc4 7. e3 Nb6 8. Ne5 c5 9. dxc5 Qxd1+ 10. Rxd1 Bxc5 11. Nxc4 Bb4 12. Nxb6 axb6 13. Bxf6 gxf6 14. Bb5+ Ke7 15. a4 Rg8 16. 0-0 Bxc3 17. bxc3 e5 18. f3 Be6 19. Rf2 Rgd8 20. Rfd2 Rxd2 21. Rxd2 Rc8 22. Rd3 Rc7 23. c4 Rc5 24. Rb3 Rc8 25. Rd3 Rc5 26. Rb3 Rc8 27. Rd3 Rd8 28. Rxd8 Kxd8 29. Kf2 f5 30. f4 f6 31. Ke2 Ke7 32. g3 Kd6 33. Kd3 Kc5 34. Kc3 Bf7 35. Bd7 Bxc4 36. Bxf5 exf4 37. exf4 b5 38. axb5 Bxb5 39. g4 Bf1 40. h4 Bh3 41. Be4 Bxg4 42. Bxb7 Bf5 43. Bf3 Bb1 44. Bg2 Bg6 45. Bb7 Bf5 1/2-1/2

[Event "AUT-ch"]
[Site "Vienna"]
[Date "2022.08.18"]
[Round "8"]
[White "Balinov, Ilia"]
[Black "Lerch, Johannes"]
[Result "1-0"]
[WhiteElo "2419"]
[BlackElo "2242"]
[PlyCount "77"]
[EventDate "2022.08.12"]
[EventType "swiss"]
[EventRounds "9"]
[EventCountry "AUT"]
[SourceTitle "CBM 209 Extra"]
[Source "ChessBase"]
[SourceDate "2022.09.30"]
[SourceVersion "1"]
[SourceVersionDate "2022.09.30"]
[SourceQuality "1"]

1. c4 Nf6 2. Nc3 e6 3. e4 d5 4. e5 d4 5. exf6 dxc3 6. bxc3 Qxf6 7. d4 b6 8. Nh3 h6 9. Bf4 Bd6 10. Qf3 Bxf4 11. Qxa8 c5 12. Nxf4 Qxf4 13. g3 Qd6 14. Bg2 cxd4 15. 0-0 dxc3 16. Qxa7 Nd7 17. Qa4 0-0 18. Rac1 f5 19. Rfd1 Qc7 20. Qc6 Qxc6 21. Bxc6 Ne5 22. Bg2 Nxc4 23. Rxc3 b5 24. Rb3 Ba6 25. Rd7 Rc8 26. h4 Ne5 27. Rd1 Rc2 28. Ra3 Bc8 29. Ra7 Ng4 30. h5 Kh7 31. Rd8 Ne5 32. f3 Bd7 33. Rdxd7 Nxd7 34. Rxd7 Rxa2 35. Rb7 Ra1+ 36. Bf1 e5 37. Rxb5 e4 38. f4 Ra3 39. Kf2 1-0

[Event "Vienna State-ch"]
[Site "Vienna"]
[Date "2021.09.25"]
[Round "8"]
[White "Balinov, Ilia"]
[Black "Froewis, Georg"]
[Result "1-0"]
[WhiteElo "2425"]
[BlackElo "2453"]
[PlyCount "53"]
[EventDate "2021.09.18"]
[EventType "tourn"]
[EventRounds "9"]
[EventCountry "AUT"]
[EventCategory "6"]
[SourceTitle "CBM 204 Extra"]
[Source "ChessBase"]
[SourceDate "2021.11.30"]
[SourceVersion "1"]
[SourceVersionDate "2021.11.30"]
[SourceQuality "1"]

1. e4 c6 2. d4 d5 3. e5 Bf5 4. c4 e6 5. Nc3 Nd7 6. cxd5 exd5 7. Nge2 Bb4 8. Ng3 Be6 9. Nh5 Kf8 10. a3 Bxc3+ 11. bxc3 Ne7 12. Bd3 Kg8 13. 0-0 Nf8 14. g4 Qc8 15. h3 g6 16. Nf6+ Kg7 17. f4 h5 18. f5 hxg4 19. hxg4 gxf5 20. gxf5 Bxf5 21. Rxf5 Nxf5 22. Qg4+ Ng6 23. Bxf5 Qd8 24. Nh5+ Kh7 25. Nf6+ Kg7 26. Nh5+ Kh7 27. Ra2 1-0

[Event "Vienna State-ch"]
[Site "Vienna"]
[Date "2021.09.22"]
[Round "5"]
[White "Morgunov, Marc"]
[Black "Balinov, Ilia"]
[Result "1/2-1/2"]
[WhiteElo "2386"]
[BlackElo "2425"]
[PlyCount "75"]
[EventDate "2021.09.18"]
[EventType "tourn"]
[EventRounds "9"]
[EventCountry "AUT"]
[EventCategory "6"]
[SourceTitle "CBM 204 Extra"]
[Source "ChessBase"]
[SourceDate "2021.11.30"]
[SourceVersion "1"]
[SourceVersionDate "2021.11.30"]
[SourceQuality "1"]

1. e4 c5 2. Nf3 e6 3. d4 cxd4 4. Nxd4 Nf6 5. Nc3 d6 6. g4 h6 7. h4 Nc6 8. Rg1 d5 9. exd5 Nxd5 10. Nxd5 exd5 11. Be3 Qxh4 12. Qf3 Nxd4 13. Bxd4 Qe7+ 14. Qe2 Qxe2+ 15. Bxe2 f6 16. 0-0-0 Be6 17. f4 Bd6 18. f5 Bf7 19. Bf3 Bf4+ 20. Kb1 0-0 21. Rge1 Rfc8 22. Re7 Rc7 23. Rde1 Rac8 24. Rxc7 Bxc7 25. Bxa7 b6 26. Re7 Kf8 27. Rxc7 Rxc7 28. Bxb6 Rc4 29. b3 Rf4 30. Be2 Re4 31. Bf3 Rf4 32. Be2 Ke7 33. Bc5+ Kd8 34. a4 Re4 35. Bf3 Rf4 36. Be2 Re4 37. Bf3 Rf4 38. Be2 1/2-1/2

[Event "Vienna State-ch"]
[Site "Vienna"]
[Date "2021.09.18"]
[Round "1"]
[White "Balinov, Ilia"]
[Black "Kilgus, Georg"]
[Result "1-0"]
[WhiteElo "2425"]
[BlackElo "2446"]
[PlyCount "69"]
[EventDate "2021.09.18"]
[EventType "tourn"]
[EventRounds "9"]
[EventCountry "AUT"]
[EventCategory "6"]
[SourceTitle "CBM 204 Extra"]
[Source "ChessBase"]
[SourceDate "2021.11.30"]
[SourceVersion "1"]
[SourceVersionDate "2021.11.30"]
[SourceQuality "1"]

1. e4 e5 2. Nf3 Nc6 3. Bc4 d6 4. 0-0 Bg4 5. h3 Bh5 6. d3 Nf6 7. c3 Qd7 8. Bg5 Qe7 9. Bb5 a6 10. Qa4 Qd7 11. Nbd2 Be7 12. d4 Rb8 13. Bxc6 Qxc6 14. Qxc6+ bxc6 15. dxe5 Bxf3 16. exf6 gxf6 17. Bh6 Bh5 18. g4 Bg6 19. f4 Rxb2 20. f5 Kd7 21. Nb3 c5 22. Rf2 Rxf2 23. Kxf2 c6 24. Rb1 Bd8 25. c4 Bc7 26. Nd2 Re8 27. Kf3 Kc8 28. Nb3 Kd7 29. Nc1 Kc8 30. Nd3 Rg8 31. Nf4 Ba5 32. Ne2 Bc7 33. h4 Ba5 34. h5 Bc7 35. Bf4 1-0

[Event "Vienna GM"]
[Site "Vienna"]
[Date "2021.07.26"]
[Round "8"]
[White "Balinov, Ilia"]
[Black "Morgunov, Marc"]
[Result "0-1"]
[WhiteElo "2444"]
[BlackElo "2393"]
[PlyCount "80"]
[EventDate "2021.07.19"]
[EventType "tourn"]
[EventRounds "9"]
[EventCountry "AUT"]
[EventCategory "9"]
[SourceTitle "CBM 203 Extra"]
[Source "ChessBase"]
[SourceDate "2021.09.30"]
[SourceVersion "1"]
[SourceVersionDate "2021.09.30"]
[SourceQuality "1"]

1. Nf3 Nf6 2. g3 g6 3. Bg2 Bg7 4. 0-0 0-0 5. d4 d6 6. Nc3 Nbd7 7. a4 a5 8. e4 e5 9. b3 b6 10. Re1 Bb7 11. d5 Nc5 12. Ba3 Nfd7 13. b4 axb4 14. Bxb4 f5 15. Nd2 Nf6 16. Bxc5 bxc5 17. a5 Kh8 18. Ra3 Bh6 19. Bf1 Ba6 20. Bxa6 Rxa6 21. Nc4 Qc8 22. Kg2 Bg5 23. h4 Bh6 24. f3 Rg8 25. Qd3 f4 26. Ne2 fxg3 27. f4 Bxf4 28. Nxf4 exf4 29. e5 dxe5 30. Nxe5 Rf8 31. Ra4 Ng4 32. Nf3 Nf2 33. Qc3+ Kg8 34. Ng5 Qf5 35. Qc4 Rd6 36. Re6 f3+ 37. Kxg3 Nh1+ 38. Kh2 f2 39. Qf1 Rxd5 40. Kxh1 Rd1 0-1

[Event "Vienna GM"]
[Site "Vienna"]
[Date "2021.07.25"]
[Round "7"]
[White "Balinov, Ilia"]
[Black "Gazik, Viktor"]
[Result "0-1"]
[WhiteElo "2444"]
[BlackElo "2558"]
[PlyCount "80"]
[EventDate "2021.07.19"]
[EventType "tourn"]
[EventRounds "9"]
[EventCountry "AUT"]
[EventCategory "9"]
[SourceTitle "CBM 203 Extra"]
[Source "ChessBase"]
[SourceDate "2021.09.30"]
[SourceVersion "1"]
[SourceVersionDate "2021.09.30"]
[SourceQuality "1"]

1. Nf3 Nc6 2. d4 d6 3. c4 e5 4. Nc3 Nf6 5. d5 Ne7 6. e4 Ng6 7. g3 Be7 8. h4 c6 9. Be2 a5 10. h5 Nf8 11. Nh4 g6 12. Bh6 N8d7 13. Bf3 Nc5 14. Qe2 a4 15. Rb1 Bd7 16. Kf1 cxd5 17. Bg7 Rg8 18. Bxf6 Bxf6 19. Nxd5 Be6 20. Bg4 Bxd5 21. cxd5 Qa5 22. Nf3 Qa6 23. Nd2 Bg5 24. Nc4 b5 25. Na3 b4 26. Nc4 b3 27. axb3 Nxb3 28. Kg2 Kf8 29. Rhe1 Kg7 30. Rbd1 Rgb8 31. Bd7 Rb4 32. Bc6 Rd8 33. Qg4 h6 34. Ne3 Nc5 35. hxg6 fxg6 36. f4 exf4 37. gxf4 Rxe4 38. Nc2 Rxf4 39. Re7+ Bxe7 40. Qxf4 Qe2+ 0-1

[Event "Vienna GM"]
[Site "Vienna"]
[Date "2021.07.24"]
[Round "6"]
[White "Diermair, Andreas"]
[Black "Balinov, Ilia"]
[Result "1/2-1/2"]
[WhiteElo "2455"]
[BlackElo "2444"]
[PlyCount "49"]
[EventDate "2021.07.19"]
[EventType "tourn"]
[EventRounds "9"]
[EventCountry "AUT"]
[EventCategory "9"]
[SourceTitle "CBM 203 Extra"]
[Source "ChessBase"]
[SourceDate "2021.09.30"]
[SourceVersion "1"]
[SourceVersionDate "2021.09.30"]
[SourceQuality "1"]

1. d4 d5 2. c4 c6 3. Nf3 Nf6 4. Nc3 e6 5. e3 a6 6. b3 Bb4 7. Bd2 Nbd7 8. Bd3 0-0 9. 0-0 Qe7 10. Re1 e5 11. dxe5 Nxe5 12. Nxe5 Qxe5 13. Nxd5 Nxd5 14. cxd5 Bxd2 15. Qxd2 Qxd5 16. Rad1 Qc5 17. Bc4 a5 18. h3 a4 19. e4 b5 20. Bf1 axb3 21. axb3 Be6 22. Rc1 Qa3 23. Rxc6 Qxb3 24. Re3 Qa4 25. Rg3 1/2-1/2

[Event "Vienna GM"]
[Site "Vienna"]
[Date "2021.07.22"]
[Round "4"]
[White "Sahidi, Samir"]
[Black "Balinov, Ilia"]
[Result "1-0"]
[WhiteElo "2415"]
[BlackElo "2444"]
[PlyCount "63"]
[EventDate "2021.07.19"]
[EventType "tourn"]
[EventRounds "9"]
[EventCountry "AUT"]
[EventCategory "9"]
[SourceTitle "CBM 203 Extra"]
[Source "ChessBase"]
[SourceDate "2021.09.30"]
[SourceVersion "1"]
[SourceVersionDate "2021.09.30"]
[SourceQuality "1"]

1. d4 f5 2. g3 Nf6 3. Bg2 g6 4. c4 Bg7 5. Nc3 0-0 6. e4 Nxe4 7. Nxe4 fxe4 8. Ne2 d5 9. cxd5 Qxd5 10. 0-0 Nc6 11. Be3 Bg4 12. Nc3 Qd7 13. Qb3+ Kh8 14. d5 Ne5 15. Nxe4 Nf3+ 16. Kh1 Qf5 17. Nd2 Rad8 18. Qxb7 Rxd5 19. Nxf3 Bxf3 20. Qxc7 Bxg2+ 21. Kxg2 Qf3+ 22. Kg1 h5 23. Qxe7 h4 24. Qxh4+ Rh5 25. Qc4 Rff5 26. Rfd1 Rxh2 27. Rd8+ Bf8 28. Rxf8+ Rxf8 29. Kxh2 Rf5 30. Bd4+ Kh7 31. Qc7+ Rf7 32. Qe5 1-0

[Event "Vienna GM"]
[Site "Vienna"]
[Date "2021.07.20"]
[Round "2"]
[White "Blohberger, Felix"]
[Black "Balinov, Ilia"]
[Result "1-0"]
[WhiteElo "2490"]
[BlackElo "2444"]
[PlyCount "53"]
[EventDate "2021.07.19"]
[EventType "tourn"]
[EventRounds "9"]
[EventCountry "AUT"]
[EventCategory "9"]
[SourceTitle "CBM 203 Extra"]
[Source "ChessBase"]
[SourceDate "2021.09.30"]
[SourceVersion "1"]
[SourceVersionDate "2021.09.30"]
[SourceQuality "1"]

1. e4 c5 2. Nf3 e6 3. d4 cxd4 4. Nxd4 Nf6 5. Nc3 Nc6 6. Ndb5 Bb4 7. a3 Bxc3+ 8. Nxc3 d5 9. exd5 exd5 10. Bd3 0-0 11. 0-0 Bg4 12. f3 Be6 13. Bg5 Qb6+ 14. Kh1 Nd7 15. f4 f5 16. Qf3 Qc5 17. Rfe1 Rae8 18. Nb5 Nd4 19. Nxd4 Qxd4 20. Rad1 Qb6 21. Bh4 Qc6 22. b4 Nb6 23. Bf2 Nc4 24. Bc5 Re7 25. Bxc4 b6 26. Rxe6 Qxe6 27. Bxd5 1-0

[Event "Vienna State-ch"]
[Site "Vienna"]
[Date "2019.09.19"]
[Round "6"]
[White "Kilgus, Georg"]
[Black "Balinov, Ilia"]
[Result "0-1"]
[WhiteElo "2435"]
[BlackElo "2440"]
[PlyCount "98"]
[EventDate "2019.09.14"]
[EventType "tourn"]
[EventRounds "9"]
[EventCountry "AUT"]
[SourceTitle "EXT 2020"]
[Source "ChessBase"]
[SourceDate "2019.10.17"]
[SourceVersion "1"]
[SourceVersionDate "2019.10.17"]
[SourceQuality "1"]

1. d4 Nf6 2. c4 e6 3. Nf3 d5 4. Nc3 Nbd7 5. e3 Be7 6. b3 0-0 7. Bb2 b6 8. cxd5 exd5 9. Bd3 Bb7 10. 0-0 Ne4 11. Qc2 f5 12. Ne2 Bd6 13. Ne5 Qe7 14. f3 Nef6 15. f4 g6 16. a4 a5 17. Nc3 c6 18. Qc1 Rfc8 19. Ba3 Bb4 20. Bxb4 axb4 21. Na2 c5 22. Qd2 Nxe5 23. fxe5 Ne4 24. Qe2 cxd4 25. exd4 Nc3 26. Nxc3 Rxc3 27. g4 Qh4 28. e6 Qxg4+ 29. Qxg4 fxg4 30. Bb5 Bc6 31. e7 Re8 32. Bxc6 Rxc6 33. Rae1 Rc3 34. Rf6 Rxb3 35. Rxb6 Kf7 36. Rb7 Ra3 37. Rf1+ Kg7 38. Rf8 Rxe7 39. Rxe7+ Kxf8 40. Rxh7 Rxa4 41. Rb7 b3 42. Rxb3 Rxd4 43. Kg2 Kg7 44. Rb6 Kh6 45. Rb8 Kg5 46. Rf8 Rd2+ 47. Kg3 Re2 48. Rd8 Re3+ 49. Kf2 Re5 0-1

[Event "Vienna State-ch"]
[Site "Vienna"]
[Date "2019.09.17"]
[Round "4"]
[White "Morgunov, Marc"]
[Black "Balinov, Ilia"]
[Result "0-1"]
[WhiteElo "2312"]
[BlackElo "2440"]
[PlyCount "66"]
[EventDate "2019.09.14"]
[EventType "tourn"]
[EventRounds "9"]
[EventCountry "AUT"]
[SourceTitle "EXT 2020"]
[Source "ChessBase"]
[SourceDate "2019.10.17"]
[SourceVersion "1"]
[SourceVersionDate "2019.10.17"]
[SourceQuality "1"]

1. e4 e5 2. Nf3 Nf6 3. Nc3 Nc6 4. d4 exd4 5. Nxd4 Bb4 6. Nxc6 bxc6 7. Bd3 d5 8. exd5 0-0 9. 0-0 cxd5 10. Bg5 c6 11. Na4 Qd6 12. Bh4 Ng4 13. Bg3 Qf6 14. h3 Nh6 15. c3 Bd6 16. Bxd6 Qxd6 17. Qc2 c5 18. c4 d4 19. Bxh7+ Kh8 20. Be4 Rb8 21. b3 f5 22. Bf3 g5 23. Qd2 g4 24. hxg4 Nxg4 25. Bxg4 fxg4 26. Qg5 Rb7 27. Nxc5 Rh7 28. Rfd1 Rf5 29. Qd2 Qh2+ 30. Kf1 Re5 31. f4 Qh1+ 32. Kf2 g3+ 33. Kf3 Qh5+ 0-1

[Event "Vienna State-ch"]
[Site "Vienna"]
[Date "2019.09.16"]
[Round "3"]
[White "Theissl Pokorna, Regina"]
[Black "Balinov, Ilia"]
[Result "1-0"]
[WhiteElo "2303"]
[BlackElo "2440"]
[PlyCount "59"]
[EventDate "2019.09.14"]
[EventType "tourn"]
[EventRounds "9"]
[EventCountry "AUT"]
[SourceTitle "EXT 2020"]
[Source "ChessBase"]
[SourceDate "2019.10.17"]
[SourceVersion "1"]
[SourceVersionDate "2019.10.17"]
[SourceQuality "1"]

1. e4 c5 2. c3 Qa5 3. Na3 e6 4. Nf3 Nc6 5. d4 cxd4 6. Nc4 Qc7 7. e5 dxc3 8. bxc3 f6 9. Nd6+ Bxd6 10. exd6 Qa5 11. Qb3 Qc5 12. Ba3 Qf5 13. Be2 Nh6 14. 0-0 0-0 15. Rad1 b6 16. Bc1 Bb7 17. Qa4 Qg4 18. Nd4 Qh4 19. Bxh6 gxh6 20. Bf3 Rfc8 21. g3 Qh3 22. Rfe1 e5 23. Ne6 Qf5 24. Bg4 Qg6 25. Nc7 b5 26. Qb3+ Kh8 27. Bxd7 Rd8 28. Qxb5 Rab8 29. Bxc6 Ba8 30. Qd5 1-0

[Event "Vienna State-ch"]
[Site "Vienna"]
[Date "2019.09.14"]
[Round "1"]
[White "Exler, Veronika"]
[Black "Balinov, Ilia"]
[Result "0-1"]
[WhiteElo "2219"]
[BlackElo "2440"]
[PlyCount "166"]
[EventDate "2019.09.14"]
[EventType "tourn"]
[EventRounds "9"]
[EventCountry "AUT"]
[SourceTitle "EXT 2020"]
[Source "ChessBase"]
[SourceDate "2019.10.17"]
[SourceVersion "1"]
[SourceVersionDate "2019.10.17"]
[SourceQuality "1"]

1. e4 c5 2. Nf3 Nc6 3. Bb5 g6 4. Bxc6 bxc6 5. 0-0 Bg7 6. Re1 Nh6 7. h3 0-0 8. c3 f6 9. d4 cxd4 10. cxd4 Nf7 11. Nc3 d6 12. b3 Bd7 13. Bb2 Qa5 14. Qd2 Rfd8 15. Rad1 Rac8 16. Na4 Qh5 17. Qd3 Rc7 18. Bc3 Rb8 19. Bd2 Qb5 20. Qxb5 cxb5 21. Nc3 e6 22. Rc1 Rbc8 23. Nb1 Bh6 24. Bxh6 Nxh6 25. Rxc7 Rxc7 26. Na3 Kf7 27. Re2 Rc1+ 28. Re1 Rc3 29. Re3 Rc8 30. b4 a6 31. Re2 Rc1+ 32. Re1 Rc3 33. Re3 Rc8 34. Re2 f5 35. e5 Rc1+ 36. Re1 Rxe1+ 37. Nxe1 Ke7 38. f4 Nf7 39. Nac2 Bc6 40. Kf2 g5 41. g3 Be4 42. Ne3 Kd7 43. Nd1 gxf4 44. gxf4 Nd8 45. Nc3 Nc6 46. Nxe4 fxe4 47. Nc2 Ne7 48. Ne3 Kc7 49. Ke2 Kc6 50. Kf2 Kd7 51. Kg3 Nc6 52. Nc2 Ne7 53. Ne3 Kc7 54. Kg2 Kc6 55. Kf2 Kd7 56. Kg3 d5 57. Kg4 Ke8 58. Kg5 Kf7 59. Nc2 Nf5 60. Kh5 e3 61. Kg4 e2 62. Ne1 Nxd4 63. Kg3 Kg6 64. Kf2 Kf5 65. Ke3 Nc6 66. a3 d4+ 67. Kf3 Ne7 68. Kxe2 Kxf4 69. Nd3+ Ke4 70. Nc5+ Kxe5 71. Nxa6 Nd5 72. Nc5 Nf4+ 73. Kd2 Kd5 74. Nd7 h5 75. Nf6+ Kc4 76. Ne8 e5 77. Nd6+ Kd5 78. Nxb5 e4 79. Nc7+ Kc4 80. b5 e3+ 81. Ke1 d3 82. b6 d2+ 83. Kd1 Kd3 0-1